| 000 | 00376nam a22001337a 4500 | ||
|---|---|---|---|
| 020 | _a9783319424378 | ||
| 040 | _cNust | ||
| 082 |
_a621.395 _bDES |
||
| 100 |
_aChuriwala, Sanjay _9131127 |
||
| 245 | _aDesigning with Xilinx® FPGAs Using Vivado | ||
| 260 |
_aSwitzerland: _bSpringer, _c2017. |
||
| 650 |
_aDesigning with Xilinx® FPGAs Using Vivado _9131128 |
||
| 942 |
_2ddc _cBK |
||
| 999 |
_c615168 _d615168 |
||